000 00253nam a2200109Ia 4500
008 190216s9999||||xx |||||||||||||| ||und||
100 _aKesavan Nair
245 0 _aMalayalam-Panchayathukal
260 _bCurrent Books
650 _aMalayalam
942 _cBK
999 _c23974
_d23974